Library of the University of Algiers 3
Ibrahim Sultan Cheibout
شعار جامعة الجزائر 3
مكتبة جامعة الجزائر 3
إبراهيم سلطان شيبوط

بحوث التسويق : (رقم التسجيلة. 46015)

تفاصيل مارك
000 -LEADER
fixed length control field 01507nam a2200217Ia 4500
003 - CONTROL NUMBER IDENTIFIER
control field Ost
005 - DATE AND TIME OF LATEST TRANSACTION
control field 20260507075729.0
008 - FIXED-LENGTH DATA ELEMENTS--GENERAL INFORMATION
fixed length control field 260507s9999||||xx |||||||||||||| ||und||
040 ## - CATALOGING SOURCE
Transcribing agency fsecg
041 ## - LANGUAGE CODE
Language code of text/sound track or separate title ara
082 ## - DEWEY DECIMAL CLASSIFICATION NUMBER
Classification number 658.8
100 ## - MAIN ENTRY--PERSONAL NAME
Personal name إدريس، ثابت عبدالرحمن
Relator term مؤلف
245 #0 - TITLE STATEMENT
Title بحوث التسويق :
Remainder of title أساليب القياس والتحليل واختبار الفروض /
Statement of responsibility, etc. ثابت عبدالرحمن إدريس
260 ## - PUBLICATION, DISTRIBUTION, ETC.
Place of publication, distribution, etc. مصر:
Name of publisher, distributor, etc. الدار الجامعية,
Date of publication, distribution, etc. 2005
300 ## - PHYSICAL DESCRIPTION
Extent 920 صفحة؛
Dimensions 24 سم
504 ## - BIBLIOGRAPHY, ETC. NOTE
Bibliography, etc. note ملحق الجداول الاحصائية : ص. 906
520 ## - SUMMARY, ETC.
Summary, etc. يتناول هذا الكتاب اربعة عشر فصل على الترتيب التالي بحوث التسويق مفاهيم أساسية ؛ اساليب القياس و التحليل و اختيار الفروض ؛ عملية البحث التسويقي ؛ تصميم البحث؛ مصادر البيانات ؛ طرق جمع البيانات الاولية ؛ القياس ؛ اجراء العينات، العينات الدائمة تجهيز البيانات لاغراض التحليل الاحصائي ، أساليب تحليل البيانات صياغة وإختبار الفروض ، تقرير البحث التسويقي تطبيقات عماية لاساليب تحليل النتغيرات المتعددة واختبار الفروض في بحوث التسويق
653 ## - INDEX TERM--UNCONTROLLED
Uncontrolled term الاقتصاد
653 ## - INDEX TERM--UNCONTROLLED
Uncontrolled term التسويق
942 ## - ADDED ENTRY ELEMENTS (KOHA)
Koha item type كتب
المقتنيات
Withdrawn status Lost status Source of classification or shelving scheme Damaged status Not for loan Home library Current library Date acquired Serial enumeration / chronology Inventory number Total checkouts Full call number Barcode Date last seen Price effective from Koha item type
    Library of Congress Classification   NOT LOAN / إعارة داخلية مكتبة كلية العلوم الإقتصادية والعلوم التجارية وعلوم التسيير مكتبة كلية العلوم الإقتصادية والعلوم التجارية وعلوم التسيير 07/05/2026 الطابق الأرضي 1160/1   أ/1160ن1 1160/1 07/05/2026 07/05/2026 كتب

موارد الويب المفتوحة


© University of Algiers 3 All Rights Reserved
|
Implemented by LECHELAH Riad